00525nam a2200145 a 450000100100000000500170001000800410002704000250006810000310009324500830012424600680020726000550027530000210033050000280035100002617120200930024349.0110303s2006 dr 000 0 spa d aDO-SdBNPbspacBNPHU1 aRodríguez Cruz, Héctor10a120 consejos para educar hijos felices y responsables /cHéctor Rodríguez.10aCiento veinte consejos para educar hijos felices y responsables aSanto Domingo :bFundación Metropolitana,c2006. a130 p. ;c18 cm. aBibliografía : p. 130